000
00297nam a22001337a 4500
008
170926b xxu||||| |||| 00| 0 eng d
020
_a
0070551456
041
_a
eng
080
_2
6TH
_a
37
100
_a
46
101
_a
EDU
245
_a
THE STAGE AND THE SCHOOL
_c
SCHANKER,H.H
942
_2
udc
_c
BK
999
_c
29971
_d
29971